|
|
|
|
| LEADER |
01254nam a2200313 a 4500 |
| 001 |
17192551 |
| 008 |
130203s2013 vaua b 001 0 eng d |
| 010 |
|
|
|a 2012008419
|
| 020 |
|
|
|a 9781565495333 (cloth : alk. paper)
|
| 020 |
|
|
|a 9781565495340 (pbk. : alk. paper)
|
| 020 |
|
|
|a 9781565495357 (library networkable e-edition)
|
| 020 |
|
|
|a 9781565495364 (consumer e-edition)
|
| 040 |
|
|
|a DLC
|c DLC
|d DLC
|d BD-DhAAL
|
| 082 |
0 |
0 |
|a 303.3
|2 23
|
| 100 |
1 |
|
|a Unsicker, Jeff,
|d 1950-
|
| 245 |
1 |
0 |
|a Confronting power :
|b the practice of policy advocacy /
|c Jeff Unsicker.
|
| 250 |
|
|
|a 1st ed.
|
| 260 |
|
|
|a Sterling, Va. :
|b Kumarian Press,
|c c2013.
|
| 300 |
|
|
|a 272 p. :
|b ill. ;
|c 24 cm.
|
| 504 |
|
|
|a Includes bibliographical references and index.
|
| 541 |
1 |
|
|e 00026622
|
| 650 |
|
0 |
|a Social policy
|x Citizen participation.
|
| 650 |
|
0 |
|a Social planning
|x Citizen participation.
|
| 650 |
|
0 |
|a Political planning
|x Citizen participation.
|
| 650 |
|
0 |
|a Social advocacy.
|
| 650 |
|
0 |
|a Social change.
|
| 852 |
1 |
|
|a Ayesha Abed Library
|j General Shelf.
|
| 999 |
|
|
|c 13160
|d 13160
|
| 952 |
|
|
|0 0
|1 0
|2 ddc
|4 0
|6 303_300000000000000_UNS
|7 0
|9 21902
|a BRACUL
|b BRACUL
|c GEN
|d 2013-02-03
|e Trim Education
|g 3500.00
|l 2
|m 2
|o 303.3 UNS
|p 3010026622
|r 2013-05-12
|s 2013-02-16
|t 1
|w 2013-02-03
|y BK
|